Stray Kids By Their English Names - Statistics

General Stats
  • This quiz has been taken 603 times
  • The average score is 8 of 8
Answer Stats
Hint Answer % Correct
Chris Bangchan
100%
Sam Hwang Hyunjin
98%
Sky Kim Seungmin
97%
Felix Lee Felix
97%
Lewis Seo Changbin
97%
Peter Han Jisung
95%
Rhino Lee Minho
95%
Bob Yang Jeongin
91%
No matching quizzes found
Score Distribution
Percent of People with Each Score
Percentile by Number Answered
Your Score History
You have not taken this quiz